00473 a2200169 450000100060000002000150000604000220002110000300004324000290007324500240010230000080012636200090013465000230014394200070016695201130017399900170028656659 a8526210440 cAnchieta - Pituba aLadeira, Julieta de Godoy10aAs mil e uma noiteslpor10aAs mil e uma noites a1250 a1992 4aLiteratura juvenil cBK 00104070a91.1b91.1d2023-11-21l0oLJ 028.5 L154m LAD MILp6236/PITr2023-11-21 18:24:09w2023-11-21yBK c56659d56659